00983cam a2200241 i 4500999001700000001000900017005001700026008004100043010001700084020002100101041000800122080001700130245010400147250002000251264008200271300005400353653002900407653003500436700005700471700006100528942001200589952014000601 c57430d574301779064920221107120121.0130621s2014 paua b 001 0 eng  a 2013025390 a9781451144574 X aeng a615.849 R-1300aRadiology 101 :bbasics and fundamentals of imaging /ceditors, Wilbur L. Smith, Thomas A. Farrell. aFourth edition. 1aPhiladelphia :bWolters Kluwer / Lippincott Williams & Wilkins Health,c2014. a407 pages :billustrations (some color) ;c28 cm. aმედიცინა aრადიოლოგია1 aSmith, Wilbur L.,eრედაქტორი985781 aFarrell, Thomas A.c eრედაქტორი98579 2udccBK 00102udc406615849_R1370989142aCPLbCPLcGENd2020-06-18g241.00o615.849 R-13p60626r2020-06-18t60626w2020-06-18yBKz241 ლ.